00811cam a2200253 i 45000010005000000030008000050050017000130080039000300200015000690350018000840400032001020410008001340820024001421000022001662450095001882600049002833000034003324900044003665000020004105040030004306500026004606500029004867000042005156485BD-RjUL20211208234242.0140111s1980 enka b 001 0 eng a0120802503 a(BD-RjUL)6526 aDLCcDLCdDLCdBD-RjULbeng aeng00a519.2219bBAS 19801 aBasawa, Ishwar V.10aStatistical inference for stochastic processes /cIshwar V. Basawa and B.L.S. Prakasa Rao. aLondon,aNew York :bAcademic Press,cc1980. axiv, 435 p. :bill. ;c24 cm.0 aProbability and mathematical statistics aIncludes index. aBibliography: p. 415-431. 0aStochastic processes. 0aMathematical statistics.2 aPrakasa Rao, B. L. S.,ejoint author.